00273nam a2200097Ia 4500008004100000100001700041245005600058260003400114300000900148650001800157190216s9999||||xx |||||||||||||| ||und|| aEdmund Burke 0aSelections With Essays By Hazlitt Arnold And Others bOxford University Pressc1954 a192p aEnglish Essay